[Event "Eurasian Blitz Chess Cup"]
[Site "Almaty KAZ"]
[Date "2016.06.18"]
[Round "6.19"]
[White "Ehlvest, Jaan"]
[Black "Moiseenko, Alexander"]
[Result "0-1"]
[WhiteTitle "GM"]
[BlackTitle "GM"]
[WhiteElo "2524"]
[BlackElo "2648"]
[WhiteFideId "4500016"]
[BlackFideId "14102560"]
[EventDate "2016.06.18"]

1. Nf3 c5 2. e3 g6 3. d4 Bg7 4. Be2 Nf6 5. O-O O-O 6. d5 e6 7. c4 exd5 8. cxd5
d6 9. Nc3 Re8 10. Nd2 Nbd7 11. Re1 Ne5 12. h3 a6 13. a4 b6 14. e4 Rb8 15. Rb1
Qe7 16. b3 Nh5 17. Bxh5 gxh5 18. Nf1 h4 19. Bb2 Qg5 20. Kh1 Qf4 21. Qe2 b5 22.
axb5 axb5 23. Bc1 Qf6 24. f4 Ng6 25. e5 dxe5 26. Ne4 Qd8 27. Qh5 exf4 28. Bb2
Bxb2 29. Rxb2 Re5 30. Qh6 Bb7 31. Rbe2 Bxd5 32. Nfd2 c4 33. Nf3 Rxe4 34. Ng5
Rxe2 35. Qxh7+ Kf8 36. Qh6+ Ke7 37. Rxe2+ Kd7 38. Nh7 cxb3 39. Qh5 Kc6 40. Qf5
f3 41. Rd2 fxg2+ 42. Kh2 Qd6+ 43. Kg1 Qc5+ 0-1

[Event "Eurasian Blitz Chess Cup"]
[Site "Almaty KAZ"]
[Date "2016.06.18"]
[Round "6.20"]
[White "Arutinian, David"]
[Black "Dzhumagaliev, Yan"]
[Result "0-1"]
[WhiteTitle "GM"]
[BlackTitle "FM"]
[WhiteElo "2527"]
[BlackElo "2400"]
[WhiteFideId "13601741"]
[BlackFideId "24100110"]
[EventDate "2016.06.18"]

1. Nf3 Nf6 2. c4 e6 3. g3 c5 4. Bg2 Be7 5. O-O O-O 6. b3 a6 7. Bb2 b5 8. e3 Bb7
9. Nc3 b4 10. Na4 d5 11. cxd5 Bxd5 12. Rc1 Nbd7 13. d4 Rc8 14. Qe2 Qa5 15. Rfd1
c4 16. e4 Nxe4 17. bxc4 Bc6 18. d5 exd5 19. cxd5 Bxa4 20. Qxe4 Bxd1 21. Rxc8
Rxc8 22. Qxe7 Qd8 23. Qxb4 Nf6 24. Nd4 Nxd5 25. Qd2 Ba4 26. h3 Nf6 27. Qg5 h6
28. Qe5 Qe8 29. Qa5 Rb8 30. Qc3 Bd7 31. Kh2 Rc8 32. Qa5 Rb8 33. Qd2 Qc8 34. Nb3
Ne8 35. Qd4 Be6 36. Nc5 Bxa2 37. Bc3 Qf5 38. Bc6 Qf6 39. Nd7 Qxd4 40. Bxd4 Rc8
41. Ba4 Bc4 42. Nb6 Rd8 43. Be3 Bb5 44. Bb3 Nf6 45. g4 a5 46. Kg2 Rd3 47. Bc2
Rc3 48. Bd1 Rc6 49. Bf3 Re6 50. Bd1 Bc6+ 51. Kg3 Ne4+ 52. Kh2 Rd6 53. Bc2 Nxf2
54. Nc4 Rf6 55. Nxa5 Bd5 56. Bd4 Rf4 57. Be3 Rf3 58. Bd4 Rxh3+ 59. Kg1 Nxg4 60.
Bf5 Rh1# 0-1

[Event "Eurasian Blitz Chess Cup"]
[Site "Almaty KAZ"]
[Date "2016.06.18"]
[Round "6.21"]
[White "Ismagambetov, Anuar"]
[Black "Zhukova, Natalia"]
[Result "1-0"]
[WhiteTitle "GM"]
[BlackTitle "GM"]
[WhiteElo "2542"]
[BlackElo "2475"]
[WhiteFideId "13701525"]
[BlackFideId "14101513"]
[EventDate "2016.06.18"]

1. e4 e5 2. Nf3 Nc6 3. Bb5 a6 4. Ba4 Nf6 5. Nc3 Be7 6. d3 b5 7. Bb3 O-O 8. a4
Rb8 9. axb5 axb5 10. Nd5 d6 11. c3 Be6 12. Ra6 Bd7 13. O-O Rb7 14. h3 Nb8 15.
Ra1 c6 16. Nxf6+ Bxf6 17. d4 b4 18. Be3 bxc3 19. bxc3 exd4 20. cxd4 Re8 21. Bc2
c5 22. Ra8 Qc7 23. Qd2 cxd4 24. Nxd4 Nc6 25. Rxe8+ Bxe8 26. Nf5 Rb2 27. Nxd6
Rxc2 28. Nxe8 Rxd2 29. Nxc7 Rc2 30. Nd5 Be5 31. Rd1 h6 32. g3 Ra2 33. Kg2 g5 34.
h4 f6 35. Rc1 Nd4 36. Rc8+ Kf7 37. hxg5 hxg5 38. Rc4 Nc2 39. Bc5 Ne1+ 40. Kf1
Nd3 41. Be3 g4 42. Nf4 Ra1+ 43. Ke2 Nb2 44. Rc2 Ra2 45. Nd3 Ke6 1-0

[Event "Eurasian Blitz Chess Cup"]
[Site "Almaty KAZ"]
[Date "2016.06.18"]
[Round "6.22"]
[White "Le, Quang Liem"]
[Black "Makhnyov, Denis"]
[Result "1-0"]
[WhiteTitle "GM"]
[BlackTitle "FM"]
[WhiteElo "2718"]
[BlackElo "2345"]
[WhiteFideId "12401137"]
[BlackFideId "13707647"]
[EventDate "2016.06.18"]

1. d4 Nf6 2. c4 e6 3. Nf3 b6 4. e3 Bb7 5. Bd3 Be7 6. O-O O-O 7. Nc3 d5 8. Qc2 a6
9. Rd1 Nbd7 10. e4 dxe4 11. Nxe4 Nxe4 12. Bxe4 Bxe4 13. Qxe4 b5 14. b3 c5 15.
dxc5 Nxc5 16. Qe2 Qb6 17. Be3 bxc4 18. Qxc4 Qb5 19. Rac1 Rac8 20. Ne5 Qb8 21.
Nf3 Qb5 22. g3 h6 23. Nd4 Qb7 24. Qe2 Bf6 25. Rxc5 Rxc5 26. Nxe6 Rd5 27. Nxf8
Rxd1+ 28. Qxd1 Kxf8 29. Qd3 Kg8 30. h4 h5 31. Qf5 Qc6 32. Qxh5 Qc2 33. Qa5 Qd1+
34. Kg2 Qd3 35. Qc5 Qe4+ 36. Kh2 Bxh4 37. Qc8+ 1-0

[Event "Eurasian Blitz Chess Cup"]
[Site "Almaty KAZ"]
[Date "2016.06.18"]
[Round "6.23"]
[White "Askarov, Bakhtiyar"]
[Black "Pantsulaia, Levan"]
[Result "1-0"]
[BlackTitle "GM"]
[WhiteElo "2409"]
[BlackElo "2612"]
[WhiteFideId "13701100"]
[BlackFideId "13602071"]
[EventDate "2016.06.18"]

1. d4 Nf6 2. Bf4 c5 3. e3 cxd4 4. exd4 d5 5. c3 Nc6 6. Nf3 Bg4 7. Be2 e6 8. h3
Bxf3 9. Bxf3 Bd6 10. Bxd6 Qxd6 11. O-O O-O 12. Nd2 b5 13. a3 a5 14. Nb3 Nd7 15.
Be2 Rfb8 16. Bd3 g6 17. Re1 Kg7 18. Qe2 b4 19. cxb4 axb4 20. a4 Qc7 21. Rec1 Qb6
22. Bb5 Rc8 23. a5 Qb7 24. a6 Qb6 25. a7 Rxa7 26. Rxa7 Nxa7 27. Bxd7 Rxc1+ 28.
Nxc1 Qc7 29. Qe5+ Qxe5 30. dxe5 Kf8 31. Nd3 Ke7 32. Ba4 Nc8 33. Nxb4 Nb6 34. Bb5
f6 35. f4 g5 36. g3 gxf4 37. gxf4 fxe5 38. fxe5 Kf7 39. Kf2 Kg6 40. Bd3+ Kg5 41.
Kg3 Na4 42. b3 Nc5 43. Bc2 Nd7 44. Nc6 h5 45. h4+ Kh6 46. b4 Kg7 47. Kf4 Nb6 48.
b5 Nc4 49. Bd3 Nb6 50. Kg5 Na4 51. Kxh5 Nc5 52. Bc2 Nd7 53. Kg5 Kf7 54. h5 d4
55. h6 Kf8 56. Nxd4 Nxe5 57. Nxe6+ Kf7 58. Bb3 Nf3+ 59. Kf4 Nd2 60. h7 1-0

[Event "Eurasian Blitz Chess Cup"]
[Site "Almaty KAZ"]
[Date "2016.06.18"]
[Round "6.24"]
[White "Abdumalik, Zhansaya"]
[Black "Fressinet, Laurent"]
[Result "0-1"]
[WhiteTitle "WGM"]
[BlackTitle "GM"]
[WhiteElo "2382"]
[BlackElo "2687"]
[WhiteFideId "13703544"]
[BlackFideId "608742"]
[EventDate "2016.06.18"]

1. e4 e5 2. Nf3 Nc6 3. Bb5 Nf6 4. O-O Nxe4 5. d4 Nd6 6. dxe5 Nxb5 7. a4 d6 8.
axb5 Nxe5 9. Re1 Be7 10. Nxe5 dxe5 11. Qxd8+ Bxd8 12. Rxe5+ Be6 13. Re1 O-O 14.
Be3 a6 15. Nc3 Bf6 16. Bf4 axb5 17. Rxa8 Rxa8 18. Nxb5 c6 19. Nd6 b5 20. c3 Ra2
21. Bc1 h6 22. f3 Be7 23. Ne4 b4 24. Kf2 b3 25. Rd1 Bd5 26. Ke2 f5 27. Nd2 Bf6
28. c4 Be6 29. Ke3 0-1

[Event "Eurasian Blitz Chess Cup"]
[Site "Almaty KAZ"]
[Date "2016.06.18"]
[Round "7.3"]
[White "Amonatov, Farrukh"]
[Black "Kasimdzhanov, Rustam"]
[Result "0-1"]
[WhiteTitle "GM"]
[BlackTitle "GM"]
[WhiteElo "2614"]
[BlackElo "2703"]
[WhiteFideId "14700077"]
[BlackFideId "14200244"]
[EventDate "2016.06.18"]

1. e4 e5 2. Nf3 Nc6 3. Nc3 Nf6 4. g3 Bc5 5. Bg2 O-O 6. d3 h6 7. O-O a6 8. Be3 d6
9. h3 Bxe3 10. fxe3 Ne7 11. Nh4 Ng6 12. Nf5 c6 13. Kh2 d5 14. Qf3 dxe4 15. Nxe4
Nxe4 16. Qxe4 Be6 17. c4 Qd7 18. Rad1 Rad8 19. b4 Rfe8 20. a4 Ne7 21. g4 Qc7 22.
a5 Nd5 23. cxd5 Bxd5 24. Nxh6+ gxh6 25. Qf5 e4+ 26. Qf4 Qxf4+ 27. Rxf4 Bb3 28.
Rd2 Rxd3 29. Re2 Bd5 30. Rf5 Kg7 31. h4 Rb3 32. g5 h5 33. Rf6 Rxb4 34. Rd6 Rb3
35. Kg3 Re6 36. Rd7 Re5 37. Kf4 Re8 38. Bh3 Rb5 39. Rf2 Rxa5 40. Rxb7 Rb5 41.
Ra7 a5 42. Bf5 Bb3 43. g6 Rf8 44. Rg2 Kf6 45. Bxe4 Rb4 46. gxf7 Rxe4+ 47. Kxe4
Bd5+ 48. Kf4 Bxg2 49. Rxa5 Bd5 50. e4 Bxf7 51. Rf5+ Ke7 52. Ke5 Rc8 53. Kd4 c5+
54. Kc3 c4 55. Ra5 Rd8 56. Ra7+ Rd7 57. Ra6 Rd3+ 58. Kc2 Rd4 0-1

[Event "Eurasian Blitz Chess Cup"]
[Site "Almaty KAZ"]
[Date "2016.06.18"]
[Round "7.4"]
[White "Khusnutdinov, Rustam"]
[Black "Jones, Gawain C B"]
[Result "1-0"]
[WhiteTitle "GM"]
[BlackTitle "GM"]
[WhiteElo "2476"]
[BlackElo "2650"]
[WhiteFideId "13701703"]
[BlackFideId "409561"]
[EventDate "2016.06.18"]

1. b3 g6 2. Bb2 Nf6 3. Bxf6 exf6 4. c4 f5 5. Nc3 Bg7 6. Rc1 Nc6 7. g3 O-O 8. Bg2
Re8 9. e3 d6 10. Nge2 Bd7 11. O-O a6 12. d4 Rb8 13. Qd2 Ne7 14. b4 c6 15. Nf4 b5
16. c5 Be6 17. Nxe6 fxe6 18. cxd6 Qxd6 19. Ne2 a5 20. bxa5 Red8 21. Qc2 Ra8 22.
a4 Rxa5 23. axb5 cxb5 24. Nf4 e5 25. dxe5 Qxe5 26. Qb3+ Kh8 27. Rfd1 Rxd1+ 28.
Qxd1 Ng8 29. Qd8 Qb2 30. Bd5 Qxc1+ 31. Kg2 1-0

[Event "Eurasian Blitz Chess Cup"]
[Site "Almaty KAZ"]
[Date "2016.06.18"]
[Round "7.5"]
[White "Megaranto, Susanto"]
[Black "Onischuk, Vladimir"]
[Result "1-0"]
[WhiteTitle "GM"]
[BlackTitle "GM"]
[WhiteElo "2535"]
[BlackElo "2613"]
[WhiteFideId "7101384"]
[BlackFideId "14114038"]
[EventDate "2016.06.18"]

1. d4 d6 2. Bg5 g6 3. Nf3 Bg7 4. e3 Nf6 5. Be2 O-O 6. O-O Nbd7 7. c4 h6 8. Bh4
e5 9. Nc3 Re8 10. Rc1 c6 11. a3 Qe7 12. Re1 b6 13. b4 Bb7 14. Bf1 a6 15. a4 a5
16. bxa5 Rxa5 17. Rb1 g5 18. Bg3 c5 19. dxe5 dxe5 20. e4 Rea8 21. Bd3 Ne8 22. h4
g4 23. Nh2 h5 24. f3 gxf3 25. Qxf3 Ndf6 26. Nd5 Bxd5 27. exd5 Rxa4 28. Bxe5 Qd8
29. Re3 Ra3 30. Bxf6 Qxf6 31. Bh7+ Kxh7 32. Rxa3 Rxa3 33. Qxa3 Nd6 34. Qd3+ Kg8
35. Nf3 Qf4 36. Rxb6 Nxc4 37. Rc6 Bf8 38. Ng5 f5 39. Rg6+ Kh8 40. Ne6 Qc1+ 41.
Qf1 Qe3+ 42. Kh1 Bd6 43. Ng5 Ne5 44. Rxd6 Ng4 45. Qa1+ Ne5 46. Re6 1-0

[Event "Eurasian Blitz Chess Cup"]
[Site "Almaty KAZ"]
[Date "2016.06.18"]
[Round "7.7"]
[White "Sjugirov, Sanan"]
[Black "Nepomniachtchi, Ian"]
[Result "1/2-1/2"]
[WhiteTitle "GM"]
[BlackTitle "GM"]
[WhiteElo "2665"]
[BlackElo "2719"]
[WhiteFideId "4189302"]
[BlackFideId "4168119"]
[EventDate "2016.06.18"]

1. d4 Nf6 2. Nf3 g6 3. Bg5 Bg7 4. Nbd2 O-O 5. e3 d6 6. Bc4 c5 7. c3 Nc6 8. O-O
b6 9. d5 Na5 10. Bxf6 Bxf6 11. Bd3 e6 12. Be4 Rb8 13. Qc2 Bg7 14. dxe6 Bxe6 15.
c4 b5 16. cxb5 d5 17. Bd3 c4 18. Be2 Rxb5 19. Nd4 Bxd4 20. exd4 Qb6 21. b3 Qxd4
22. Nf3 Qf6 23. Qd2 Rc8 24. Rac1 c3 25. Qd4 Qxd4 26. Nxd4 Rb6 27. Rfd1 Bd7 28.
Rd3 Rb4 29. Bf3 Be6 30. Nxe6 fxe6 31. Rdxc3 Rxc3 32. Rxc3 Rb6 33. Rc8+ Kg7 34.
Rc7+ Kh6 35. Rxa7 Nc6 36. Rc7 Ra6 37. a4 Rb6 38. Bd1 Na5 39. Rc5 Nxb3 40. Rb5
Rxb5 41. axb5 Nc5 42. b6 Kg5 43. Ba4 Kf6 44. Bc6 Ke7 45. b7 Na6 46. Bb5 Nb8 47.
f4 Kd6 48. Be8 Kc7 49. Bf7 Kxb7 50. Bxe6 Kc6 51. Bg8 h6 52. Bh7 g5 53. fxg5 hxg5
54. g3 Kd6 55. h4 Ke5 1/2-1/2

[Event "Eurasian Blitz Chess Cup"]
[Site "Almaty KAZ"]
[Date "2016.06.18"]
[Round "7.9"]
[White "Gunina, Valentina"]
[Black "Dreev, Aleksey"]
[Result "1-0"]
[WhiteTitle "GM"]
[BlackTitle "GM"]
[WhiteElo "2518"]
[BlackElo "2664"]
[WhiteFideId "4167570"]
[BlackFideId "4100107"]
[EventDate "2016.06.18"]

1. d4 d5 2. c4 c6 3. Nf3 Nf6 4. e3 Bf5 5. Nc3 e6 6. Nh4 Be4 7. f3 Bg6 8. Qb3 Qc7
9. Bd2 Be7 10. Be2 Ne4 11. fxe4 Bxh4+ 12. g3 dxc4 13. Qxc4 Be7 14. O-O Nd7 15.
Rac1 O-O 16. e5 Rad8 17. Rfd1 c5 18. Nb5 Qb8 19. Be1 a6 20. Nd6 b5 21. Qc3 cxd4
22. exd4 Bxd6 23. exd6 Qxd6 24. Qc6 Qxc6 25. Rxc6 Nb8 26. Rc7 Be4 27. Bb4 Rfe8
28. Rf1 Rd7 29. Rxd7 Nxd7 30. Rc1 Nb6 31. Bc5 Rc8 32. b3 Nd7 33. Kf2 Bd5 34. Ke3
f6 35. Bd3 Kf7 36. Rc2 h6 37. h4 Rc7 38. b4 e5 39. h5 exd4+ 40. Kxd4 Be6 41.
Bg6+ Kg8 42. Re2 Rc6 43. Be4 Rc7 44. Bd5 Bxd5 45. Re8+ Kh7 46. Kxd5 f5 47. Kd6
Nf6 48. Kxc7 Nxe8+ 49. Kb6 g6 50. hxg6+ Kxg6 51. Kxa6 Nc7+ 52. Kb6 Ne6 53. Kxb5
f4 54. gxf4 h5 55. Bf2 Nxf4 56. a4 Nd3 57. Bh4 Kf7 58. a5 Nf4 59. a6 Nd5 60. Kc5
Ke6 61. Bg3 h4 62. Bh2 1-0

[Event "Eurasian Blitz Chess Cup"]
[Site "Almaty KAZ"]
[Date "2016.06.18"]
[Round "7.10"]
[White "Hou, Yifan"]
[Black "Ghaem Maghami, Ehsan"]
[Result "1-0"]
[WhiteTitle "GM"]
[BlackTitle "GM"]
[WhiteElo "2663"]
[BlackElo "2551"]
[WhiteFideId "8602980"]
[BlackFideId "12500739"]
[EventDate "2016.06.18"]

1. e4 b6 2. d4 Bb7 3. Bd3 e6 4. Nc3 Nf6 5. a3 c5 6. Nf3 cxd4 7. Nxd4 Nc6 8. Nxc6
Bxc6 9. Bf4 d6 10. Qe2 Be7 11. O-O-O Nd7 12. Bb5 Qc7 13. Qc4 Rc8 14. Ba6 O-O 15.
Bxc8 Rxc8 16. Kb1 Nf6 17. Rhe1 Ng4 18. Qe2 Ne5 19. Bg3 b5 20. Bxe5 dxe5 21. Nxb5
Qb8 22. c4 a6 23. Nc3 Bxa3 24. Rd3 Bc5 25. Red1 h6 26. f3 Qb6 27. Qc2 Rb8 28.
R1d2 Be3 29. Re2 Bd4 30. Red2 Be3 31. Re2 Bd4 32. Nd1 a5 33. Nc3 Qb4 34. Na2 Qb6
35. Nc1 a4 36. Ka2 Qb4 37. Ra3 Ba7 38. Nd3 Qd6 39. c5 Qc7 40. Qc3 f6 41. Rc2 Bb5
42. Nb4 Rc8 43. Qe1 Qa5 44. c6 Bxc6 45. Qc1 Qxb4 46. Rxc6 Rb8 47. Rc8+ Kh7 48.
Rxb8 Bxb8 49. Qc2 Ba7 50. Qxa4 1-0

[Event "Eurasian Blitz Chess Cup"]
[Site "Almaty KAZ"]
[Date "2016.06.18"]
[Round "7.12"]
[White "Le, Quang Liem"]
[Black "Fressinet, Laurent"]
[Result "1-0"]
[WhiteTitle "GM"]
[BlackTitle "GM"]
[WhiteElo "2718"]
[BlackElo "2687"]
[WhiteFideId "12401137"]
[BlackFideId "608742"]
[EventDate "2016.06.18"]

1. d4 Nf6 2. c4 e6 3. Nf3 d5 4. Nc3 Be7 5. Qc2 O-O 6. Bg5 h6 7. Bxf6 Bxf6 8.
O-O-O Nc6 9. e3 Nb4 10. Qb3 a5 11. a3 dxc4 12. Bxc4 Nc6 13. Qc2 a4 14. Nxa4 Bd7
15. Nc5 Na5 16. Ne5 Be8 17. Ba2 b6 18. Ne4 Bxe5 19. dxe5 Qe7 20. h4 Nc6 21. Bb1
f5 22. exf6 gxf6 23. g4 Ra5 24. f4 Kh8 25. Rd3 Nd8 26. g5 f5 27. Nf6 Bc6 28.
Rhd1 Rc5 29. Rc3 Nb7 30. Rxc5 Nxc5 31. Qc3 e5 32. Bxf5 Ba4 33. Rd5 exf4 34. Nd7+
Kg8 35. Nxf8 fxe3 36. Bh7+ Kxf8 37. Qh8+ Kf7 38. Rf5+ Ke6 39. Re5+ Kd6 40. Rxe7
Kxe7 41. Qe5+ 1-0

[Event "Eurasian Blitz Chess Cup"]
[Site "Almaty KAZ"]
[Date "2016.06.18"]
[Round "7.14"]
[White "Potkin, Vladimir"]
[Black "Gelfand, Boris"]
[Result "1-0"]
[WhiteTitle "GM"]
[BlackTitle "GM"]
[WhiteElo "2597"]
[BlackElo "2734"]
[WhiteFideId "4131061"]
[BlackFideId "2805677"]
[EventDate "2016.06.18"]

1. Nf3 d5 2. d4 Nf6 3. c4 e6 4. Nc3 c6 5. e3 Nbd7 6. Qc2 Bd6 7. Be2 O-O 8. O-O
e5 9. cxd5 cxd5 10. Nb5 Bb8 11. dxe5 Nxe5 12. Bd2 Ne4 13. Bb4 Re8 14. Rac1 Nc6
15. Bc3 Re6 16. Bd3 Qe7 17. Qb3 Rh6 18. g3 Bg4 19. Be2 a6 20. Nbd4 Ba7 21. Qxd5
Rd8 22. Nxc6 bxc6 23. Qe5 Qxe5 24. Bxe5 Bxf3 25. Bxf3 Nd2 26. Rfd1 Nxf3+ 27. Kg2
Nd2 28. Bf4 Re6 29. Rc2 f6 30. Rcxd2 Rxd2 31. Rxd2 Bb6 32. Rd7 g5 33. Bc7 Bxc7
34. Rxc7 g4 35. Ra7 c5 36. Rc7 Rb6 37. b3 Rb5 38. Rc6 Ra5 39. a4 Kf7 40. Kf1 Kg6
41. Ke2 h5 42. Kd3 c4+ 43. Rxc4 Rf5 44. Rf4 Rd5+ 45. Rd4 Rf5 46. Ke2 Rc5 47. Rc4
Rd5 48. b4 Rd6 49. Rc5 Re6 50. b5 axb5 51. axb5 Re4 52. Kd3 Rb4 53. Kc3 Rb1 54.
e4 Kh6 55. Rf5 Kg6 56. Kd4 Rb4+ 57. Kd3 Rb2 58. Kc4 Re2 59. Rf4 Rc2+ 60. Kd5 Rb2
61. Kc6 Rc2+ 62. Kb7 Rb2 63. b6 1-0

[Event "Eurasian Blitz Chess Cup"]
[Site "Almaty KAZ"]
[Date "2016.06.18"]
[Round "7.16"]
[White "Vakhidov, Jahongir"]
[Black "Kovalenko, Igor"]
[Result "1/2-1/2"]
[WhiteTitle "GM"]
[BlackTitle "GM"]
[WhiteElo "2578"]
[BlackElo "2668"]
[WhiteFideId "14201801"]
[BlackFideId "14117908"]
[EventDate "2016.06.18"]

1. c4 e5 2. Nc3 Bb4 3. Nf3 Bxc3 4. dxc3 Qe7 5. g3 b6 6. Bg2 Bb7 7. O-O d6 8. a4
a5 9. b3 Nd7 10. Re1 f5 11. Nh4 Bxg2 12. Kxg2 Qf7 13. e4 fxe4 14. Rxe4 Ngf6 15.
Re1 O-O 16. Qc2 Rae8 17. Rf1 Ng4 18. h3 Ngf6 19. Be3 Nh5 20. Rae1 Re6 21. Qe4 h6
22. Qg4 Kh7 23. Qe4+ Kg8 24. Qg4 Nhf6 25. Qg6 Qxg6 26. Nxg6 Rfe8 27. Nh4 Nc5 28.
Rb1 Nfe4 29. Rfc1 Rf8 30. g4 Nd3 31. Rc2 Ref6 32. Nf5 Kh7 33. Rd1 Ndc5 34. f3
Ng5 35. h4 Nge6 36. b4 Nb7 37. h5 Ra8 38. Ra2 Rf7 39. Kf1 Ned8 40. Ke2 Nc6 41.
Rb1 Nbd8 42. c5 bxc5 43. bxc5 dxc5 44. Bxc5 Ne6 45. Be3 Re8 46. Rb5 Nf4+ 47. Kf1
Nd3 48. Rd2 e4 49. fxe4 Nde5 50. Rc5 Re6 51. Kg2 Nxg4 52. Bd4 Rxe4 53. Rxc6 Rxf5
54. Rxc7 Rg5 55. Kf3 Re1 56. Rg2 Ne5+ 57. Bxe5 Rexe5 58. Rg4 Ref5+ 59. Kg3 Rxg4+
60. Kxg4 Rg5+ 61. Kh4 Kg8 62. c4 Kf8 63. c5 Ke8 64. c6 Kd8 65. Ra7 Kc8 66. Rf7
Kb8 67. Rb7+ Kc8 68. Ra7 Kd8 69. Rb7 Kc8 70. Ra7 1/2-1/2

[Event "Eurasian Blitz Chess Cup"]
[Site "Almaty KAZ"]
[Date "2016.06.18"]
[Round "7.17"]
[White "Saric, Ivan"]
[Black "Filippov, Anton UZB"]
[Result "1-0"]
[WhiteTitle "GM"]
[BlackTitle "GM"]
[WhiteElo "2660"]
[BlackElo "2582"]
[WhiteFideId "14508150"]
[BlackFideId "14200988"]
[EventDate "2016.06.18"]

1. e4 e5 2. Nf3 Nc6 3. Bc4 Bc5 4. O-O Nf6 5. d3 O-O 6. Re1 Ng4 7. Re2 Nd4 8.
Nxd4 Bxd4 9. h3 Nf6 10. Nd2 c6 11. Nf3 d5 12. exd5 cxd5 13. Bb3 Qd6 14. c3 Bb6
15. Nxe5 Bf5 16. Bf4 Rfe8 17. d4 Ne4 18. f3 Rxe5 19. fxe4 Bxe4 20. Kh2 1-0

[Event "Eurasian Blitz Chess Cup"]
[Site "Almaty KAZ"]
[Date "2016.06.18"]
[Round "7.18"]
[White "Sanikidze, Tornike"]
[Black "Moiseenko, Alexander"]
[Result "0-1"]
[WhiteTitle "GM"]
[BlackTitle "GM"]
[WhiteElo "2548"]
[BlackElo "2648"]
[WhiteFideId "13602608"]
[BlackFideId "14102560"]
[EventDate "2016.06.18"]

1. d4 Nf6 2. c4 e6 3. Nf3 Bb4+ 4. Bd2 c5 5. Bxb4 cxb4 6. Nbd2 O-O 7. e4 d6 8. e5
dxe5 9. dxe5 Nfd7 10. Ne4 Nc6 11. Qd6 Ndxe5 12. Nxe5 Qxd6 13. Nxd6 Nxe5 14.
O-O-O Rd8 15. Be2 Kf8 16. f4 Nc6 17. Bf3 Ke7 18. c5 Rb8 19. Rd2 Bd7 20. Rhd1 b6
21. cxb6 axb6 22. Rc2 b3 23. axb3 Nb4 24. Rc4 Na6 25. b4 Ba4 26. Re1 Rxd6 27. f5
b5 28. Rf4 Rc8+ 29. Kb1 Bc2+ 30. Ka2 Nxb4+ 31. Ka3 Nd3 32. f6+ gxf6 33. Bb7 Ra8+ 0-1

[Event "Eurasian Blitz Chess Cup"]
[Site "Almaty KAZ"]
[Date "2016.06.18"]
[Round "7.19"]
[White "Jobava, Baadur"]
[Black "Vahidov, Tair"]
[Result "1-0"]
[WhiteTitle "GM"]
[BlackTitle "GM"]
[WhiteElo "2669"]
[BlackElo "2435"]
[WhiteFideId "13601520"]
[BlackFideId "14200155"]
[EventDate "2016.06.18"]

1. d4 Nf6 2. Nc3 d6 3. e4 e5 4. dxe5 dxe5 5. Qxd8+ Kxd8 6. Bg5 c6 7. O-O-O+ Ke8
8. f4 Be7 9. Be2 h6 10. Bxf6 Bxf6 11. f5 Nd7 12. h4 Be7 13. Nf3 Bb4 14. Nb1 Bc5
15. Nbd2 f6 16. g4 Nb6 17. c3 Bd7 18. Kc2 Rd8 19. g5 Ke7 20. gxf6+ gxf6 21. h5
Be3 22. Nh4 Rhe8 23. Nc4 Bg5 24. Ng6+ Kf7 25. Nd6+ Kg7 26. Nxb7 Rb8 27. Nc5 Bc8
28. Rh3 1-0

[Event "Eurasian Blitz Chess Cup"]
[Site "Almaty KAZ"]
[Date "2016.06.18"]
[Round "7.20"]
[White "Kazhgaleyev, Murtas"]
[Black "Pak, Yevgeniy"]
[Result "1-0"]
[WhiteTitle "GM"]
[BlackTitle "IM"]
[WhiteElo "2582"]
[BlackElo "2401"]
[WhiteFideId "13700316"]
[BlackFideId "14201712"]
[EventDate "2016.06.18"]

1. d4 Nf6 2. c4 c5 3. d5 b5 4. cxb5 a6 5. bxa6 g6 6. Nc3 Bxa6 7. e4 Bxf1 8. Kxf1
d6 9. g3 Bg7 10. Kg2 Nbd7 11. Nf3 O-O 12. a4 Ra6 13. Qc2 Qa8 14. h3 Rc8 15. Re1
Ne8 16. Bg5 Kf8 17. Ra3 h6 18. Bd2 Kg8 19. Nb5 Nc7 20. Nxc7 Rxc7 21. h4 Rb7 22.
b3 Rab6 23. h5 g5 24. Bc3 Bxc3 25. Qxc3 Rb4 26. Nd2 Qb8 27. Ra2 Nf6 28. a5 Ra7
29. Qf3 Qb5 30. e5 dxe5 31. Rxe5 Kf8 32. Kg1 Rxa5 33. Rc2 Ra1+ 34. Kg2 Rd4 35.
Nc4 Rdd1 36. d6 g4 37. dxe7+ Kg7 38. e8=N+ Qxe8 39. Qxg4+ Nxg4 40. Rxe8 Rh1 41.
Kf3 Nf6 42. Re5 Rad1 43. Ne3 Rd7 44. Rcxc5 Rb7 45. Rc3 Rb4 46. Nf5+ Kh7 47. Re7
Rxh5 48. Ne3 Kg7 49. Kg2 Rhb5 50. Rcc7 Rxb3 51. Rxf7+ Kg6 52. Rg7+ Kh5 53. Rcf7
Rb6 54. g4+ Nxg4 55. Nxg4 R3b5 56. Ne3 Rg5+ 57. Rxg5+ Kxg5 58. Kg3 Rb3 59. Rf5+
Kg6 60. Ra5 Rc3 61. Kf4 Rb3 62. Ra6+ Kh5 63. Ra5+ Kg6 64. Ng2 Rb4+ 65. Kg3 Rb3+
66. f3 Rb4 67. Nh4+ Kf6 68. Ra6+ Kg5 69. f4+ 1-0

[Event "Eurasian Blitz Chess Cup"]
[Site "Almaty KAZ"]
[Date "2016.06.18"]
[Round "7.21"]
[White "Savchenko, Boris"]
[Black "Aleksandrov, Aleksej"]
[Result "0-1"]
[WhiteTitle "GM"]
[BlackTitle "GM"]
[WhiteElo "2633"]
[BlackElo "2577"]
[WhiteFideId "4147332"]
[BlackFideId "13500139"]
[EventDate "2016.06.18"]

1. e4 e5 2. Nf3 Nc6 3. Bb5 Nf6 4. O-O Nxe4 5. d4 Nd6 6. Bxc6 dxc6 7. dxe5 Nf5 8.
Qxd8+ Kxd8 9. c4 Be6 10. b3 h6 11. Nc3 Kc8 12. h3 b6 13. g4 Ne7 14. Kg2 Ng6 15.
Kg3 Be7 16. Ne4 Kb7 17. Bb2 c5 18. Nc3 h5 19. Nd5 Bd8 20. Rad1 a5 21. a4 hxg4
22. hxg4 Bh4+ 23. Nxh4 Rxh4 24. f3 Rah8 25. Rg1 Rh3+ 26. Kf2 Rh2+ 27. Rg2 c6 28.
Ne3 Nf4 29. Rxh2 Rxh2+ 30. Kg3 Rxb2 31. Kxf4 Rxb3 32. Ke4 Rb4 33. f4 Kc7 34. Rc1
Rxa4 35. f5 Bd7 36. Rh1 b5 37. Rh7 b4 38. Rxg7 b3 39. Kd3 Rb4 40. Nd1 a4 41. e6
a3 42. Rxf7 b2 43. Rxd7+ Kb6 44. e7 b1=Q+ 45. Ke3 Qc1+ 46. Kf3 Rb3+ 47. Ke4
Qxc4+ 48. Ke5 a2 49. Kf6 a1=Q+ 50. Kg6 Qg8+ 0-1

[Event "Eurasian Blitz Chess Cup"]
[Site "Almaty KAZ"]
[Date "2016.06.18"]
[Round "7.22"]
[White "Dzhumagaliev, Yan"]
[Black "Vallejo Pons, Francisco"]
[Result "1-0"]
[WhiteTitle "FM"]
[BlackTitle "GM"]
[WhiteElo "2400"]
[BlackElo "2711"]
[WhiteFideId "24100110"]
[BlackFideId "2205530"]
[EventDate "2016.06.18"]

1. d4 Nf6 2. c4 e6 3. g3 d5 4. Bg2 Bb4+ 5. Bd2 Be7 6. Nf3 c6 7. O-O O-O 8. Qc2
Nbd7 9. b3 Ne4 10. Bf4 g5 11. Bc1 f5 12. Ba3 a5 13. Bxe7 Qxe7 14. Nc3 Qg7 15. e3
Rf6 16. Nd2 g4 17. Ne2 Rh6 18. Nf4 Nf8 19. f3 gxf3 20. Nxf3 Ng6 21. Nxg6 hxg6
22. Ne5 Nf6 23. a3 Rh7 24. Bf3 Qh6 25. Qf2 g5 26. g4 a4 27. b4 dxc4 28. Rac1 b5
29. Bxc6 Rb8 30. Qg3 Rb6 31. Bf3 Qh4 32. Qxh4 Rxh4 33. Rf2 Bb7 34. gxf5 exf5 35.
Bxb7 Rxb7 36. Rxf5 Ne4 37. Rcf1 c3 38. Rf8+ Kg7 39. Rc8 Re7 40. Rff8 Rh7 41.
Rg8+ Kh6 42. Rc6+ Kh5 43. Kg2 Rc7 44. Rc8 Rxc6 45. Rxc6 g4 46. Nd3 Kg5 47. Nf4
Rh6 48. Ne6+ Kh4 49. d5 Rf6 50. Nf4 Rf5 51. d6 Rf7 52. Rc7 Nxd6 53. Rxc3 Nc4 54.
Ne2 Rf3 55. Nd4 Nxe3+ 56. Rxe3 Rxe3 57. Nf5+ 1-0